Tvorba a prehĺbenie stratégie podnikov slovenského stavebníctva v období vstupu do Európskej únie habilitačná práca

Uložené v:
Podrobná bibliografia
Hlavný autor: Mihalčová, Bohuslava, 1963-
Korporativný autor: Ekonomická univerzita v Bratislave. Podnikovohospodárska fakulta so sídlom v Košiciach
Médium: Kniha
Jazyk:Slovak
Vydavateľské údaje: Košice 2004
Predmet:
Tagy: Pridať tag
Žiadne tagy, Buďte prvý, kto otaguje tento záznam!

MARC

LEADER 00000nam$a2200000$$$4500
001 0040531
005 20240502071508.5
041 0 |a slo 
044 |a SK 
245 1 0 |a Tvorba a prehĺbenie stratégie podnikov slovenského stavebníctva v období vstupu do Európskej únie  |b habilitačná práca  |c Bohuslava Mihalčová 
264 1 |a Košice  |c 2004 
300 |a 67 s. 
610 2 0 |a stratégia podniková 
610 2 0 |a stavebníctvo 
610 2 0 |a Európska únia 
610 2 0 |a Slovensko 
610 2 0 |a riadenie strategické 
610 2 0 |a podnikanie 
100 1 |a Mihalčová, Bohuslava, 1963- 
710 2 |a Ekonomická univerzita v Bratislave. Podnikovohospodárska fakulta so sídlom v Košiciach